Movies at the Half-Hour Mark (1980s II) Quiz Stats

 Plays Quiz Updated Jan 5, 2018

Score 0/20 Timer 05:00
3 Plays Today
% Correct
E.T. the Extra-Terrestrial
98.5%
Top Gun
97.2%
The Terminator
94.2%
The Breakfast Club
94%
RoboCop
88.2%
The Empire Strikes Back
87.1%
Tron
82.5%
Dirty Dancing
82.2%
Trading Places
63.7%
Blade Runner
58.2%
% Correct
Revenge of the Nerds
56.5%
When Harry Met Sally...
49.7%
Heathers
47.3%
Do the Right Thing
37.2%
The 'Burbs
36.6%
Beetlejuice
32%
The Elephant Man
26.8%
The King of Comedy
19.7%
The Last Starfighter
18.5%
Akira
18.1%

You're not logged in!

Compare scores with friends on all Sporcle quizzes.
OR
Log In

You Might Also Like...

Show Comments

Extras

Top Quizzes Today


Score Distribution

Your Account Isn't Verified!

In order to create a playlist on Sporcle, you need to verify the email address you used during registration. Go to your Sporcle Settings to finish the process.

Report this User

Report this user for behavior that violates our Community Guidelines.

Details: